| 000 | 00700nam a22002297a 4500 | ||
|---|---|---|---|
| 005 | 20151007115203.0 | ||
| 008 | 151007b xxu||||| |||| 00| 0 eng d | ||
| 020 |
_a9781596671416 _c2398 |
||
| 040 | _aLoreto College | ||
| 041 | _aEnglish | ||
| 082 |
_a371.102 _bGRA |
||
| 100 | _aGrant, Leslie W. | ||
| 245 |
_aPlanning, instruction, and assessment _bEffective teaching practices _cLeslie W. Grant, Jennifer L. Hindman, James H. Stronge |
||
| 260 |
_aNew York _bEye on Education _c2010 |
||
| 300 |
_axv,142p _b24 cm |
||
| 504 | _aIncludes refernces | ||
| 650 | _aTeaching Methods | ||
| 700 |
_4Auth _aHindman, Jennfer L |
||
| 700 |
_4Auth _aStronge, James H. |
||
| 850 | _aLCBED | ||
| 942 | _cBK | ||
| 999 |
_c40124 _d90603 |
||